书目信息 |
| 题名: |
普通植物病理学
|
|
| 作者: | 许志刚 主编 | |
| 分册: | ||
| 出版信息: | 北京 高等教育出版社 2009.07 |
|
| 页数: | 387页 | |
| 开本: | 26cm | |
| 丛书名: | ||
| 单 册: | ||
| 中图分类: | S432.1 | |
| 科图分类: | ||
| 主题词: | 植物病理学--高等学校--教材 , 植物病理学 | |
| 电子资源: | ||
| ISBN: | 978-7-04-027275-8 | |
| 000 | 00800nam0 2200253 450 | |
| 001 | 5441 | |
| 005 | 20181016164156.54 | |
| 010 | @a978-7-04-027275-8@dCNY33.10 | |
| 100 | @a20100506d2009 em y0chiy50 ea | |
| 101 | 0 | @achi |
| 102 | @aCN@b110000 | |
| 105 | @aa z 000yy | |
| 200 | 1 | @a普通植物病理学@9pu tong zhi wu bing li xue@f许志刚主编 |
| 205 | @a4版 | |
| 210 | @a北京@c高等教育出版社@d2009.07 | |
| 215 | @a387页@c图@d26cm | |
| 300 | @a普通高等教育“十一五”国家级规划教材 | |
| 330 | @a本书系统介绍了植物病理学的基础理论,包括植物病害的基本概念、发病原因和各种病原生物的基本特征等内容。 | |
| 606 | 0 | @a植物病理学@x高等学校@j教材 |
| 606 | 0 | @a植物病理学 |
| 690 | @aS432.1@v4 | |
| 701 | 0 | @a许志刚@9xu zhi gang@4主编 |
| 801 | 0 | @aCN@b91MARC@c20130904 |
| 905 | @aMuseLib@dS432.1@e146=4 | |
| 普通植物病理学/许志刚主编.-4版.-北京:高等教育出版社,2009.07 |
| 387页:图;26cm |
| 普通高等教育“十一五”国家级规划教材 |
| ISBN 978-7-04-027275-8:CNY33.10 |
| 本书系统介绍了植物病理学的基础理论,包括植物病害的基本概念、发病原因和各种病原生物的基本特征等内容。 |
| ● |
| 相关链接 |
|
|
|
|
正题名:普通植物病理学
索取号:S432.1/146=4
 
预约/预借
| 序号 | 登录号 | 条形码 | 馆藏地/架位号 | 状态 | 备注 |
| 1 | 1129720 | 211297201 | 第二样本阅览室/ [索取号:S432.1/146=4] | 在馆 | |
| 2 | 1129721 | 211297210 | 第三借阅区/ [索取号:S432.1/146=4] | 在馆 | |
| 3 | 1129722 | 211297229 | 第三借阅区/ [索取号:S432.1/146=4] | 在馆 | |
| 4 | 1129723 | 211297238 | 第三借阅区/ [索取号:S432.1/146=4] | 在馆 | |
| 5 | 1129724 | 211297247 | 密集书库-生命科学系/ [索取号:S432.1/146=4] | 在馆 |